The formation of the Biblical canon / (Record no. 2457)
[ view plain ]
| 000 -LEADER | |
|---|---|
| fixed length control field | 00972cam a2200301 a 4500 |
| 001 - CONTROL NUMBER | |
| control field | 121427 |
| 003 - CONTROL NUMBER IDENTIFIER | |
| control field | GBCCL |
| 005 - DATE AND TIME OF LATEST TRANSACTION | |
| control field | 20241126110429.0 |
| 008 - FIXED-LENGTH DATA ELEMENTS--GENERAL INFORMATION | |
| fixed length control field | 060626s2007 mau b 001 0 eng |
| 010 ## - | |
| -- | 2006021312 |
| 020 ## - INTERNATIONAL STANDARD BOOK NUMBER | |
| International Standard Book Number | 9780567668844 |
| 029 1# - | |
| -- | YDXCP |
| -- | 2529206 |
| 035 ## - SYSTEM CONTROL NUMBER | |
| System control number | (OCoLC)ocm70258864 |
| 035 ## - SYSTEM CONTROL NUMBER | |
| System control number | (OCoLC)70258864 |
| Canceled/invalid control number | (OCoLC)85813666 |
| 040 ## - CATALOGING SOURCE | |
| Original cataloging agency | DLC |
| Transcribing agency | DLC |
| Modifying agency | BAKER |
| -- | BTCTA |
| -- | GHS |
| -- | GK8 |
| -- | YDXCP |
| -- | LBB |
| 049 ## - | |
| -- | LBBK |
| 050 00 - | |
| -- | BS465 |
| -- | .M38 2006 |
| 082 00 - DEWEY DECIMAL CLASSIFICATION NUMBER | |
| Classification number | 220.12 |
| Edition information | 22 |
| Item number | MCD |
| 090 ## - LOCALLY ASSIGNED LC-TYPE CALL NUMBER (OCLC); LOCAL CALL NUMBER (RLIN) | |
| Classification number (OCLC) (R) ; Classification number, CALL (RLIN) (NR) | BS465 |
| Local cutter number (OCLC) ; Book number/undivided call number, CALL (RLIN) | .M38 2006 |
| 100 1# - MAIN ENTRY--PERSONAL NAME | |
| Personal name | McDonald, Lee Martin, |
| Dates associated with a name | 1942- |
| 9 (RLIN) | 2752 |
| 245 14 - TITLE STATEMENT | |
| Title | The formation of the Biblical canon / |
| Statement of responsibility, etc. | Lee Martin McDonald. |
| 260 ## - PUBLICATION, DISTRIBUTION, ETC. | |
| Place of publication, distribution, etc. | London : |
| Name of publisher, distributor, etc. | Bloomsbury, |
| Date of publication, distribution, etc. | c2017. |
| 300 ## - PHYSICAL DESCRIPTION | |
| Extent | 2v. ; |
| Dimensions | 23 cm. |
| 505 0# - FORMATTED CONTENTS NOTE | |
| Formatted contents note | v. 1. The Old Testament : its authority and canonicity, v.2. The New Testament : its authority and canonicity. |
| 630 00 - SUBJECT ADDED ENTRY--UNIFORM TITLE | |
| Uniform title | Bible |
| General subdivision | Canon. |
| 9 (RLIN) | 2000 |
| 700 1# - ADDED ENTRY--PERSONAL NAME | |
| Personal name | McDonald, Lee Martin, |
| Dates associated with a name | 1942- |
| 9 (RLIN) | 2752 |
| 942 ## - ADDED ENTRY ELEMENTS (KOHA) | |
| Source of classification or shelving scheme | Dewey Decimal Classification |
| Koha item type | Books |
| Koha issues (borrowed), all copies | 17 |
| Withdrawn status | Lost status | Source of classification or shelving scheme | Damaged status | Not for loan | Home library | Current Library | Shelving location | Date acquired | Total checkouts | Total renewals | Full call number | Barcode | Date last seen | Date last checked out | Copy number | Price effective from | Koha item type |
|---|---|---|---|---|---|---|---|---|---|---|---|---|---|---|---|---|---|
| Dewey Decimal Classification | GRACE BIBLE COLLEGE | GRACE BIBLE COLLEGE | Biblical Studies | 2017-08-16 | 8 | 3 | 220.12 MCD | 014485 | 2025-05-01 | 2024-07-15 | v.1 | 2017-08-16 | Books | ||||
| Dewey Decimal Classification | GRACE BIBLE COLLEGE | GRACE BIBLE COLLEGE | Biblical Studies | 2017-08-16 | 10 | 2 | 220.12 MCD | 014486 | 2026-02-12 | 2026-02-02 | v.2 | 2017-08-16 | Books |